Statistics for Click to translate : Picard #4

Click here to take the quiz!

General Stats

  • This quiz has been taken 10 times
  • The average score is 8 of 15

Answer Stats

HintAnswer% Correct
BergikeBelgium
100%
Bos-PoéyisNetherlands
80%
ÉtouToo
70%
RaineFrog
60%
MierEat
50%
DéteuperFind
50%
HorzinForeigner
50%
HoupelOwl
50%
RagréerRepair
50%
CinsierFarmer
40%
GlaineHen
40%
MacoéreJaw
40%
RbéyerSee
40%
VarerBecome
30%
MassouDuck
30%

Score Distribution

Percentile by Number Answered

Percent of People with Each Score

Your Score History

You have not taken this quiz